[Event "LSS ZL-2023-0-02395"]
[Site "LSS email"]
[Date "2023.06.18"]
[Round "?"]
[White "Shim Ng Min, Francis"]
[Black "Couspeyre, Thierry"]
[Result "1-0"]
[WhiteElo "1147"]
[BlackElo "1063"]
[PlyCount "29"]
[EventDate "2023.05.14"]
[EventType "match (corr)"]
[EventRounds "2"]
[EventCountry "GER"]
[SourceTitle "Corr 2024"]
[Source "ChessBase"]
[SourceDate "2023.10.19"]
[SourceVersion "1"]
[SourceVersionDate "2023.10.19"]
[SourceQuality "1"]

1. e4 e5 2. Nf3 Nc6 3. d4 exd4 4. Bc4 Be7 5. Nxd4 Nf6 6. Nc3 0-0 7. a3 Nxe4 8. Bxf7+ Rxf7 9. Nxe4 Nxd4 10. Qxd4 d5 11. Ng3 Bf6 12. Qd1 Re7+ 13. Kf1 b6 14. c3 Bg4 15. Qxg4 1-0

[Event "LSS ZL-2023-0-02394"]
[Site "LSS email"]
[Date "2023.06.11"]
[Round "?"]
[White "Couspeyre, Thierry"]
[Black "Shim Ng Min, Francis"]
[Result "0-1"]
[WhiteElo "1037"]
[BlackElo "1113"]
[PlyCount "60"]
[EventDate "2023.05.11"]
[EventType "match (corr)"]
[EventRounds "2"]
[EventCountry "GER"]
[SourceTitle "Corr 2024"]
[Source "ChessBase"]
[SourceDate "2023.10.19"]
[SourceVersion "1"]
[SourceVersionDate "2023.10.19"]
[SourceQuality "1"]

1. d4 d5 2. c4 e6 3. Nc3 Nf6 4. Bf4 Bd6 5. Bxd6 Qxd6 6. c5 Qe7 7. f4 0-0 8. e3 Ne4 9. Nxe4 dxe4 10. Bc4 Kh8 11. Ne2 f5 12. b4 Nd7 13. Qb3 Nf6 14. a4 a6 15. Kd2 Bd7 16. Nc3 c6 17. a5 Nd5 18. Na4 Rad8 19. Be2 Bc8 20. Nb2 e5 21. fxe5 f4 22. Nc4 fxe3+ 23. Nxe3 Nf4 24. Nc2 Qxe5 25. Raf1 Qe7 26. g3 Nxe2 27. Kxe2 Rf3 28. Qb2 Bh3 29. Re1 Rdf8 30. Kd1 Qg5 0-1

[Event "LSS ZL-2023-0-02394"]
[Site "LSS email"]
[Date "2023.06.11"]
[Round "?"]
[White "Shim Ng Min, Francis"]
[Black "Couspeyre, Thierry"]
[Result "1-0"]
[WhiteElo "1113"]
[BlackElo "1037"]
[PlyCount "101"]
[EventDate "2023.05.11"]
[EventType "match (corr)"]
[EventRounds "2"]
[EventCountry "GER"]
[SourceTitle "Corr 2024"]
[Source "ChessBase"]
[SourceDate "2023.10.19"]
[SourceVersion "1"]
[SourceVersionDate "2023.10.19"]
[SourceQuality "1"]

1. e4 e5 2. Nf3 Nc6 3. d4 exd4 4. Bc4 Be7 5. Nxd4 Ne5 6. Bb3 d6 7. 0-0 Nf6 8. h3 Nxe4 9. Nd2 Nc5 10. f4 Nxb3 11. axb3 Nd7 12. Nf5 0-0 13. Re1 Bf6 14. Ne4 h6 15. c3 Nb6 16. Nxf6+ Qxf6 17. Ne7+ Kh8 18. Nd5 Nxd5 19. Qxd5 c6 20. Qf3 Be6 21. b4 a6 22. Be3 Qg6 23. Ra5 Bd5 24. Qf2 Rfe8 25. f5 Qf6 26. Raa1 Be4 27. g4 Rad8 28. Bd4 Qg5 29. f6 h5 30. fxg7+ Kg8 31. Bf6 Qg6 32. Bxd8 Rxd8 33. Qh4 Re8 34. Qxh5 Qxh5 35. gxh5 Kxg7 36. Kh2 Kh6 37. Rg1 Kxh5 38. Rae1 d5 39. Rg4 Re7 40. Kg3 f5 41. Rg8 Rd7 42. Kf4 Kh6 43. Reg1 Kh7 44. R8g6 d4 45. cxd4 Rxd4 46. Rg7+ Kh8 47. R1g6 Bd5+ 48. Kg5 Rxb4 49. Kf6 Rh4 50. Rxb7 Bf7 51. Rxf7 1-0

[Event "LSS ZL-2023-0-02393"]
[Site "LSS email"]
[Date "2023.05.25"]
[Round "?"]
[White "Shim Ng Min, Francis"]
[Black "Couspeyre, Thierry"]
[Result "1/2-1/2"]
[WhiteElo "1135"]
[BlackElo "1027"]
[PlyCount "94"]
[EventDate "2023.05.07"]
[EventType "match (corr)"]
[EventRounds "2"]
[EventCountry "GER"]
[SourceTitle "Corr 2024"]
[Source "ChessBase"]
[SourceDate "2023.10.19"]
[SourceVersion "1"]
[SourceVersionDate "2023.10.19"]
[SourceQuality "1"]

1. e4 e5 2. Nf3 Nc6 3. d4 exd4 4. Bc4 Be7 5. Nxd4 Ne5 6. Bb3 Nf6 7. f4 Nxe4 8. fxe5 Bb4+ 9. c3 Qh4+ 10. g3 Nxg3 11. Bxf7+ Kxf7 12. Qf3+ Ke8 13. hxg3 Qxd4 14. cxb4 Rf8 15. Qe3 Qxb4+ 16. Nc3 b6 17. Qe4 Qxe4+ 18. Nxe4 Bb7 19. Rh4 Rf5 20. Nc3 Rxe5+ 21. Kd1 h6 22. Bd2 c5 23. Kc2 Ke7 24. Re1 Rxe1 25. Bxe1 Rf8 26. Rf4 Rxf4 27. gxf4 h5 28. Bh4+ Ke6 29. Kd3 Kf5 30. Ke3 d5 31. Nb5 d4+ 32. Kf2 Kxf4 33. Nxa7 g5 34. Bg3+ Kg4 35. Bc7 h4 36. Bxb6 h3 37. Kg1 d3 38. Nb5 d2 39. Nc3 Kg3 40. Bc7+ Kf3 41. Kh2 g4 42. Bd6 c4 43. b3 cxb3 44. axb3 Ke3 45. Kg3 Bf3 46. Bf4+ Kd3 47. Bxd2 Kxd2 1/2-1/2

[Event "LSS ZL-2023-0-02391"]
[Site "LSS email"]
[Date "2023.05.08"]
[Round "?"]
[White "Shim Ng Min, Francis"]
[Black "Couspeyre, Thierry"]
[Result "1-0"]
[WhiteElo "1130"]
[BlackElo "1030"]
[PlyCount "93"]
[EventDate "2023.04.21"]
[EventType "match (corr)"]
[EventRounds "2"]
[EventCountry "GER"]
[SourceTitle "Corr 2024"]
[Source "ChessBase"]
[SourceDate "2023.10.19"]
[SourceVersion "1"]
[SourceVersionDate "2023.10.19"]
[SourceQuality "1"]

1. e4 e5 2. Nf3 Nc6 3. d4 exd4 4. Bc4 Be7 5. Nxd4 Ne5 6. Bb3 Nf6 7. Nc3 0-0 8. 0-0 d6 9. f4 Ned7 10. Qe2 Nc5 11. Bd2 b6 12. Nc6 Qd7 13. Nxe7+ Qxe7 14. e5 Nfd7 15. Nd5 Qd8 16. exd6 Ba6 17. c4 cxd6 18. Bc3 Re8 19. Qg4 Ne6 20. f5 Qg5 21. Qxg5 Nxg5 22. Nc7 Ne4 23. Nxa6 Rac8 24. Rac1 Ne5 25. Bxe5 dxe5 26. Ba4 Red8 27. b3 f6 28. Rcd1 Rxd1 29. Rxd1 Kf8 30. Rc1 Nd6 31. Bd7 Rd8 32. Be6 Ne8 33. Nb4 Rd6 34. Nd5 Rd8 35. Kf1 Nd6 36. Ke2 Nb7 37. b4 a5 38. a3 axb4 39. axb4 Ra8 40. Nxb6 Ra2+ 41. Kf1 Rb2 42. b5 Nc5 43. Nd7+ Nxd7 44. Bxd7 Ke7 45. Bc6 Kd6 46. c5+ Kc7 47. Be8 1-0

[Event "LSS ZL-2023-0-02389"]
[Site "LSS email"]
[Date "2023.05.01"]
[Round "?"]
[White "Shim Ng Min, Francis"]
[Black "Couspeyre, Thierry"]
[Result "1-0"]
[WhiteElo "1125"]
[BlackElo "1032"]
[PlyCount "55"]
[EventDate "2023.03.29"]
[EventType "match (corr)"]
[EventRounds "2"]
[EventCountry "GER"]
[SourceTitle "Corr 2024"]
[Source "ChessBase"]
[SourceDate "2023.10.19"]
[SourceVersion "1"]
[SourceVersionDate "2023.10.19"]
[SourceQuality "1"]

1. e4 e5 2. Nf3 Nc6 3. d4 exd4 4. Bc4 Be7 5. Nxd4 Ne5 6. Be2 Nf6 7. Nc3 0-0 8. 0-0 d6 9. f4 Ned7 10. Bf3 Nb6 11. Kh1 Bd7 12. e5 dxe5 13. fxe5 Ne8 14. Bxb7 Rb8 15. Nc6 Bxc6 16. Bxc6 Nc4 17. Qxd8 Rxd8 18. Re1 Bb4 19. Bg5 f6 20. exf6 Nxf6 21. Bxf6 Rd2 22. Bg5 Rxc2 23. Bd5+ Kh8 24. Bxc4 Rxb2 25. Rac1 Rff2 26. Re8+ Bf8 27. Be7 Rbc2 28. Rxc2 1-0

[Event "LSS ZL-2023-0-02387"]
[Site "LSS email"]
[Date "2023.04.15"]
[Round "?"]
[White "Shim Ng Min, Francis"]
[Black "Couspeyre, Thierry"]
[Result "1/2-1/2"]
[WhiteElo "1101"]
[BlackElo "1053"]
[PlyCount "92"]
[EventDate "2023.03.21"]
[EventType "match (corr)"]
[EventRounds "2"]
[EventCountry "GER"]
[SourceTitle "Corr 2024"]
[Source "ChessBase"]
[SourceDate "2023.10.19"]
[SourceVersion "1"]
[SourceVersionDate "2023.10.19"]
[SourceQuality "1"]

1. e4 e5 2. Nf3 Nc6 3. Bc4 Be7 4. d4 exd4 5. Nxd4 Ne5 6. Be2 d5 7. Nc3 dxe4 8. Nxe4 Nf6 9. Nxf6+ Bxf6 10. 0-0 0-0 11. c3 c5 12. Nf3 Bf5 13. Nxe5 Bxe5 14. Be3 Qc7 15. h3 Rad8 16. Qb3 Rfe8 17. Rad1 b6 18. Rxd8 Rxd8 19. Rd1 Rxd1+ 20. Qxd1 Qd6 21. Qa4 Qe7 22. Bf3 Be6 23. a3 Bb8 24. Qc6 Qd6 25. Qxd6 Bxd6 26. b4 cxb4 27. cxb4 Be5 28. Bd1 Bc4 29. a4 Kf8 30. a5 Bc7 31. axb6 axb6 32. g3 Ke7 33. f4 b5 34. Kf2 Bd6 35. Bd2 Ke6 36. Ke3 f5 37. Bf3 g5 38. Kf2 gxf4 39. gxf4 Be7 40. Kg3 Bf1 41. Bc6 Bf6 42. Bf3 Bd4 43. Bc6 Kd6 44. Bf3 Bc4 45. Bg2 Bd5 46. Bf1 Bc6 1/2-1/2

[Event "LSS ZL-2023-0-02383"]
[Site "LSS email"]
[Date "2023.03.15"]
[Round "?"]
[White "Couspeyre, Thierry"]
[Black "Shim Ng Min, Francis"]
[Result "0-1"]
[WhiteElo "1090"]
[BlackElo "1098"]
[PlyCount "106"]
[EventDate "2022.12.05"]
[EventType "match (corr)"]
[EventRounds "2"]
[EventCountry "GER"]
[SourceTitle "Corr 2024"]
[Source "ChessBase"]
[SourceDate "2023.10.19"]
[SourceVersion "1"]
[SourceVersionDate "2023.10.19"]
[SourceQuality "1"]

1. e4 c5 2. Nf3 d6 3. d4 cxd4 4. Nxd4 Nf6 5. Nc3 a6 6. Bc4 e6 7. 0-0 Be7 8. Be3 0-0 9. f4 Qc7 10. Bd3 Nc6 11. Nxc6 Qxc6 12. Qf3 b5 13. e5 Qxf3 14. Rxf3 dxe5 15. fxe5 Nd7 16. Rh3 g6 17. Bh6 Re8 18. Be4 Rb8 19. Bf4 Bb7 20. Rd1 Bxe4 21. Nxe4 Nb6 22. b3 Nd5 23. Bd2 Rbc8 24. c3 Rc6 25. Rf3 Bf8 26. Rdf1 Rc7 27. Ng5 Ree7 28. Be1 Bg7 29. c4 bxc4 30. bxc4 Nb6 31. Ba5 Rb7 32. Bxb6 Rxb6 33. Nxf7 Rc6 34. Rf4 Rcc7 35. Nd6 Rc5 36. Ne4 Rxe5 37. Rd1 Re8 38. Rd7 Rf5 39. Rg4 Re7 40. Rd8+ Rf8 41. Rxf8+ Kxf8 42. Nc5 a5 43. Re4 Kf7 44. Rf4+ Ke8 45. Re4 Kf7 46. Kf1 Bc3 47. Ke2 e5 48. Nd3 Kf6 49. c5 Bd4 50. g4 g5 51. Kf3 Ke6 52. h4 Kd5 53. Re2 e4+ 0-1

[Event "LSS SF-2023-0-00530"]
[Site "LSS email"]
[Date "2023.03.02"]
[Round "?"]
[White "Couspeyre, Thierry"]
[Black "Rocek, Vladimir"]
[Result "1-0"]
[WhiteElo "1079"]
[BlackElo "1072"]
[PlyCount "101"]
[EventDate "2022.11.09"]
[EventType "tourn (corr)"]
[EventRounds "6"]
[EventCountry "GER"]
[SourceTitle "Corr 2024"]
[Source "ChessBase"]
[SourceDate "2023.10.19"]
[SourceVersion "1"]
[SourceVersionDate "2023.10.19"]
[SourceQuality "1"]

1. e4 e6 2. d4 d5 3. Nc3 Nf6 4. Bg5 Be7 5. e5 Nfd7 6. Bxe7 Qxe7 7. f4 0-0 8. Nf3 f6 9. Nb5 Qd8 10. c4 a6 11. Nc3 dxc4 12. Bxc4 Nb6 13. Bb3 Nc6 14. d5 exd5 15. Nxd5 Nxd5 16. Bxd5+ Kh8 17. 0-0 Nb4 18. Bf7 Qxd1 19. Raxd1 Bg4 20. e6 g6 21. e7 Rfc8 22. h3 Bxf3 23. Rxf3 Kg7 24. e8B Rxe8 25. Bxe8 Rxe8 26. Rd7+ Kg8 27. a3 Nc6 28. Rxc7 Nd8 29. Rd3 Ne6 30. Rc4 Re7 31. Re3 Kf7 32. g4 f5 33. Kf2 Kf6 34. Kf3 g5 35. gxf5 Kxf5 36. fxg5 Nxg5+ 37. Kf2 Rf7 38. Kg3 Rg7 39. Rf4+ Kg6 40. Kg4 h5+ 41. Kh4 Rd7 42. Re5 Nf7 43. Re6+ Kg7 44. Kxh5 Rd5+ 45. Kg4 Ne5+ 46. Kg3 Rd3+ 47. Kf2 Rd5 48. Ke3 Rb5 49. b4 a5 50. a4 Ng6 51. Rxg6+ 1-0

[Event "LSS SF-2023-0-00530"]
[Site "LSS email"]
[Date "2023.02.20"]
[Round "?"]
[White "Hickl, Norbert"]
[Black "Couspeyre, Thierry"]
[Result "0-1"]
[WhiteElo "1072"]
[BlackElo "1079"]
[PlyCount "64"]
[EventDate "2022.11.09"]
[EventType "tourn (corr)"]
[EventRounds "6"]
[EventCountry "GER"]
[SourceTitle "Corr 2024"]
[Source "ChessBase"]
[SourceDate "2023.10.19"]
[SourceVersion "1"]
[SourceVersionDate "2023.10.19"]
[SourceQuality "1"]

1. c4 c6 2. g3 d5 3. b3 Bf5 4. Bg2 e5 5. d4 Bb4+ 6. Bd2 Bxd2+ 7. Nxd2 dxc4 8. dxe5 cxb3 9. Qxb3 Qd4 10. Rd1 Qb6 11. Nc4 Qxb3 12. axb3 Be6 13. Nd6+ Ke7 14. Nxb7 Bxb3 15. Rd8 Bd5 16. Bxd5 cxd5 17. Nf3 f6 18. 0-0 Kf7 19. Rc1 h5 20. Rc7+ Kg6 21. Nh4+ Kh7 22. Nf5 Ne7 23. Rxh8+ Kxh8 24. Nxe7 a5 25. Nxd5 a4 26. Nb6 Ra6 27. Nxa4 Rxa4 28. Rc8+ Kh7 29. Rxb8 fxe5 30. Nd6 h4 31. Re8 h3 32. Rxe5 Ra1# 0-1

[Event "LSS SF-2022-0-00524"]
[Site "LSS email"]
[Date "2022.08.25"]
[Round "?"]
[White "Couspeyre, Thierry"]
[Black "Zmolil, Karel"]
[Result "1-0"]
[WhiteElo "1143"]
[BlackElo "1034"]
[PlyCount "39"]
[EventDate "2022.04.08"]
[EventType "tourn (corr)"]
[EventRounds "6"]
[EventCountry "GER"]
[SourceTitle "Corr 2024"]
[Source "ChessBase"]
[SourceDate "2023.10.19"]
[SourceVersion "1"]
[SourceVersionDate "2023.10.19"]
[SourceQuality "1"]

1. e4 c5 2. Nf3 d6 3. d4 cxd4 4. Nxd4 Nc6 5. Bc4 Nf6 6. Nc3 Na5 7. Bb5+ Bd7 8. Qe2 a6 9. Bxd7+ Qxd7 10. 0-0 g6 11. Nd5 Nxd5 12. exd5 b5 13. b4 Nb7 14. a4 bxa4 15. Nc6 Nd8 16. Bb2 f6 17. Bxf6 Rg8 18. Rfe1 Nxc6 19. dxc6 Qc7 20. Qe6 1-0

[Event "LSS SF-2022-0-00522"]
[Site "LSS email"]
[Date "2022.05.14"]
[Round "?"]
[White "Beaver, Michael"]
[Black "Couspeyre, Thierry"]
[Result "1-0"]
[WhiteElo "1114"]
[BlackElo "1162"]
[PlyCount "43"]
[EventDate "2022.02.24"]
[EventType "tourn (corr)"]
[EventRounds "6"]
[EventCountry "GER"]
[SourceTitle "Corr 2024"]
[Source "ChessBase"]
[SourceDate "2023.10.19"]
[SourceVersion "1"]
[SourceVersionDate "2023.10.19"]
[SourceQuality "1"]

1. e4 c5 2. Nf3 e6 3. d4 cxd4 4. Nxd4 Nf6 5. Bd3 Qb6 6. c3 Bc5 7. 0-0 Bxd4 8. cxd4 Qxd4 9. Nc3 0-0 10. Be3 Qb4 11. e5 Ng4 12. a3 Nxe3 13. fxe3 Qxb2 14. Bxh7+ Kxh7 15. Qh5+ Kg8 16. Ne4 Qc2 17. Rf4 Qd3 18. Nf6+ gxf6 19. Rg4+ Qg6 20. Rxg6+ fxg6 21. Qxg6+ Kh8 22. exf6 1-0

[Event "LSS SF-2022-0-00522"]
[Site "LSS email"]
[Date "2022.05.14"]
[Round "?"]
[White "Couspeyre, Thierry"]
[Black "Endean, Andrew"]
[Result "0-1"]
[WhiteElo "1162"]
[BlackElo "1162"]
[PlyCount "50"]
[EventDate "2022.02.24"]
[EventType "tourn (corr)"]
[EventRounds "6"]
[EventCountry "GER"]
[SourceTitle "Corr 2024"]
[Source "ChessBase"]
[SourceDate "2023.10.19"]
[SourceVersion "1"]
[SourceVersionDate "2023.10.19"]
[SourceQuality "1"]

1. e4 d5 2. exd5 Qxd5 3. Nc3 Qa5 4. d4 Nf6 5. Bc4 c6 6. Nf3 Bf5 7. 0-0 e6 8. Bf4 Nbd7 9. a3 Be7 10. Re1 0-0 11. h3 h6 12. b4 Qd8 13. b5 cxb5 14. Nxb5 Rc8 15. Qe2 a6 16. Nd6 Bxd6 17. Bxd6 Re8 18. Bb3 Ne4 19. Bf4 Nef6 20. c4 Qb6 21. Qe3 Red8 22. Nd2 Nf8 23. c5 Qc6 24. Nc4 Nd5 25. Qe5 Ng6 0-1

[Event "LSS No Engine Cup 225 Preliminary 0"]
[Site "LSS email"]
[Date "2022.02.02"]
[Round "?"]
[White "Couspeyre, Thierry"]
[Black "Weimer, Dennis"]
[Result "0-1"]
[WhiteElo "1483"]
[BlackElo "1504"]
[PlyCount "60"]
[EventDate "2022.02.02"]
[EventType "tourn (corr)"]
[EventRounds "6"]
[EventCountry "GER"]
[SourceTitle "Corr 2024"]
[Source "ChessBase"]
[SourceDate "2023.10.19"]
[SourceVersion "1"]
[SourceVersionDate "2023.10.19"]
[SourceQuality "1"]

1. e4 c5 2. Nf3 e6 3. d4 cxd4 4. Nxd4 a6 5. c4 Nf6 6. e5 Qa5+ 7. Nc3 Qxe5+ 8. Be2 Nc6 9. Be3 Be7 10. 0-0 Qc7 11. Rc1 0-0 12. Bf3 Ne5 13. Be2 Nxc4 14. Bg5 Nxb2 15. Qb3 Ng4 16. Bxg4 Bxg5 17. Nd5 Qe5 18. Nc7 Ra7 19. Nf3 Qf4 20. Qxb2 Qxg4 21. Nxg5 b5 22. Nf3 Bb7 23. h3 Qg6 24. Nh4 Qe4 25. Nf3 Bc6 26. Rfe1 Qg6 27. Qe5 Bxf3 28. g3 Qh6 29. Rc3 Bc6 30. h4 Qf6 0-1

[Event "SE-2021-0-00329"]
[Site "LSS email"]
[Date "2021.07.14"]
[Round "?"]
[White "Obrien, Glenn"]
[Black "Couspeyre, Thierry"]
[Result "1/2-1/2"]
[WhiteElo "1361"]
[BlackElo "1212"]
[PlyCount "50"]
[EventDate "2021.02.26"]
[EventType "tourn (corr)"]
[EventRounds "6"]
[EventCountry "GER"]
[SourceTitle "Corr 2024"]
[Source "ChessBase"]
[SourceDate "2023.10.19"]
[SourceVersion "1"]
[SourceVersionDate "2023.10.19"]
[SourceQuality "1"]

1. e4 d5 2. exd5 Nf6 3. d4 Nxd5 4. c4 Nf6 5. Nf3 c5 6. Nc3 cxd4 7. Qxd4 Bd7 8. Be2 Nc6 9. Qf4 e6 10. 0-0 Be7 11. Rd1 0-0 12. Bd3 Qb8 13. Qxb8 Raxb8 14. Nb5 a6 15. Nc3 Rfd8 16. Bf4 Rbc8 17. Be3 Nb4 18. Bb6 Re8 19. Ne5 Bc6 20. Bb1 a5 21. Bxa5 Bc5 22. a3 Na6 23. b4 b6 24. bxc5 bxa5 25. Nxc6 Rxc6 1/2-1/2

[Event "LSS SF-2021-0-00508"]
[Site "LSS email"]
[Date "2021.07.13"]
[Round "?"]
[White "Plummer, Martin"]
[Black "Couspeyre, Thierry"]
[Result "0-1"]
[WhiteElo "1194"]
[BlackElo "1183"]
[PlyCount "32"]
[EventDate "2021.01.16"]
[EventType "tourn (corr)"]
[EventRounds "6"]
[EventCountry "GER"]
[SourceTitle "Corr 2024"]
[Source "ChessBase"]
[SourceDate "2023.10.19"]
[SourceVersion "1"]
[SourceVersionDate "2023.10.19"]
[SourceQuality "1"]

1. e4 e5 2. Nf3 Nc6 3. Bc4 Be7 4. 0-0 Nf6 5. d3 0-0 6. h3 d6 7. a3 Be6 8. Ba2 Bxa2 9. Rxa2 d5 10. exd5 Nxd5 11. Re1 Bf6 12. c3 a5 13. Be3 Re8 14. Nbd2 Qd6 15. Ne4 Qe6 16. Nxf6+ Nxf6 0-1

[Event "SE-2021-0-00329"]
[Site "LSS email"]
[Date "2021.07.08"]
[Round "?"]
[White "Couspeyre, Thierry"]
[Black "Plummer, Martin"]
[Result "1-0"]
[WhiteElo "1212"]
[BlackElo "1194"]
[PlyCount "29"]
[EventDate "2021.02.26"]
[EventType "tourn (corr)"]
[EventRounds "6"]
[EventCountry "GER"]
[SourceTitle "Corr 2024"]
[Source "ChessBase"]
[SourceDate "2023.10.19"]
[SourceVersion "1"]
[SourceVersionDate "2023.10.19"]
[SourceQuality "1"]

1. e4 c5 2. Nf3 Nc6 3. d4 cxd4 4. Nxd4 e6 5. a3 g6 6. Nc3 Bg7 7. Ndb5 Bxc3+ 8. Nxc3 a6 9. Bc4 b5 10. Bb3 Bb7 11. 0-0 h5 12. Bf4 Qf6 13. Qd2 Nge7 14. Rad1 Rd8 15. Bc7 1-0

[Event "LSS SF-2021-0-00508"]
[Site "LSS email"]
[Date "2021.07.03"]
[Round "?"]
[White "Couspeyre, Thierry"]
[Black "Slavin, Pablo"]
[Result "0-1"]
[WhiteElo "1183"]
[BlackElo "1141"]
[PlyCount "108"]
[EventDate "2021.01.16"]
[EventType "tourn (corr)"]
[EventRounds "6"]
[EventCountry "GER"]
[SourceTitle "Corr 2024"]
[Source "ChessBase"]
[SourceDate "2023.10.19"]
[SourceVersion "1"]
[SourceVersionDate "2023.10.19"]
[SourceQuality "1"]

1. e4 d6 2. d4 Nf6 3. Nc3 g6 4. h3 Bg7 5. Nf3 0-0 6. Bc4 c6 7. a4 d5 8. Bd3 dxe4 9. Nxe4 Nxe4 10. Bxe4 Na6 11. 0-0 Nb4 12. c3 Nd5 13. Bg5 h6 14. Bh4 Nf6 15. Bd3 g5 16. Bg3 Be6 17. Re1 Qb6 18. b4 Nd5 19. Bc2 Nf6 20. Qd3 Qa6 21. Qxa6 bxa6 22. a5 Nd5 23. Bb3 Rac8 24. Rac1 Rfe8 25. Ne5 Nf4 26. Bc2 Nh5 27. Bh4 gxh4 28. Ng6 Bf6 29. Kh2 Kg7 30. Ne5 Nf4 31. Nd3 Nxd3 32. Bxd3 Bg5 33. Rcd1 Bb3 34. Rb1 Be6 35. Bxa6 Bd2 36. Rxe6 fxe6 37. Bxc8 Rxc8 38. Rb3 Rf8 39. f3 Bf4+ 40. Kg1 Bg3 41. Rb1 Rd8 42. Kf1 e5 43. dxe5 Rd5 44. c4 Rxe5 45. b5 cxb5 46. cxb5 Kf7 47. b6 a6 48. b7 Rb5 49. Rxb5 axb5 50. Ke2 Ke6 51. Ke3 Bb8 52. Kd4 Ba7+ 53. Ke4 Kd6 54. g4 hxg3 0-1

[Event "LSS SF-2021-0-00508"]
[Site "LSS email"]
[Date "2021.05.31"]
[Round "?"]
[White "Couspeyre, Thierry"]
[Black "Shim Ng Min, Francis"]
[Result "1-0"]
[WhiteElo "1183"]
[BlackElo "1132"]
[PlyCount "59"]
[EventDate "2021.01.16"]
[EventType "tourn (corr)"]
[EventRounds "6"]
[EventCountry "GER"]
[SourceTitle "Corr 2024"]
[Source "ChessBase"]
[SourceDate "2023.10.19"]
[SourceVersion "1"]
[SourceVersionDate "2023.10.19"]
[SourceQuality "1"]

1. Nc3 e5 2. Nf3 Nc6 3. e4 Nf6 4. Bb5 d6 5. 0-0 Be7 6. d4 exd4 7. Nxd4 Bd7 8. Bf4 0-0 9. Re1 Nxd4 10. Qxd4 Bxb5 11. Nxb5 a6 12. Nc3 Nd7 13. Nd5 Bf6 14. Qb4 b5 15. Nxc7 Qxc7 16. Bxd6 Qxc2 17. e5 Rfe8 18. exf6 Nxf6 19. Be5 Nd7 20. Bc3 Qg6 21. Rad1 Nf6 22. Qd6 Ne4 23. Qd7 h6 24. f3 Nf6 25. Rxe8+ Nxe8 26. Qb7 Qc2 27. Rd2 Qc1+ 28. Kf2 Nc7 29. Qxc7 Re8 30. Re2 1-0

[Event "RF-2021-0-00515"]
[Site "LSS email"]
[Date "2021.05.28"]
[Round "?"]
[White "Wilshusen, Horst"]
[Black "Couspeyre, Thierry"]
[Result "1-0"]
[WhiteElo "1055"]
[BlackElo "1186"]
[PlyCount "99"]
[EventDate "2021.01.13"]
[EventType "tourn (corr)"]
[EventRounds "6"]
[EventCountry "GER"]
[SourceTitle "Corr 2024"]
[Source "ChessBase"]
[SourceDate "2023.10.19"]
[SourceVersion "1"]
[SourceVersionDate "2023.10.19"]
[SourceQuality "1"]

1. e4 e5 2. Nf3 Nc6 3. Nc3 Nf6 4. Bb5 d6 5. d3 Bd7 6. Bg5 Be7 7. Qd2 0-0 8. h3 h6 9. Bxf6 Bxf6 10. Nd5 a6 11. Bxc6 Bxc6 12. Nxf6+ Qxf6 13. 0-0-0 d5 14. Qe3 dxe4 15. dxe4 Rfd8 16. Nd2 b5 17. f3 a5 18. Nb3 Qe6 19. Kb1 a4 20. Nc5 Qc4 21. g4 b4 22. b3 axb3 23. cxb3 Qb5 24. h4 Qa5 25. Qf2 Qb6 26. Qc2 Rd6 27. Rxd6 cxd6 28. Nd3 Rc8 29. Rc1 Qe3 30. Qd1 Qd4 31. Nb2 Qxd1 32. Rxd1 Bb5 33. Nd3 Rb8 34. Kb2 Kf8 35. Rd2 Bd7 36. Nxe5 Bb5 37. Nc4 Ke7 38. Nxd6 Bc6 39. Nf5+ Kf8 40. Rd4 f6 41. Ne3 g6 42. Nc2 f5 43. Nxb4 Bb7 44. gxf5 gxf5 45. exf5 Bxf3 46. Nd3 Re8 47. Nf4 Kf7 48. Rd6 Re4 49. Nd3 Rxh4 50. Ne5+ 1-0

[Event "LSS No Engine Cup 215 Preliminary 0"]
[Site "LSS email"]
[Date "2021.03.13"]
[Round "?"]
[White "Couspeyre, Thierry"]
[Black "Louro, Eugenio"]
[Result "0-1"]
[WhiteElo "1476"]
[BlackElo "2038"]
[PlyCount "48"]
[EventDate "2021.03.13"]
[EventType "tourn (corr)"]
[EventRounds "6"]
[EventCountry "GER"]
[SourceTitle "Corr 2024"]
[Source "ChessBase"]
[SourceDate "2023.10.19"]
[SourceVersion "1"]
[SourceVersionDate "2023.10.19"]
[SourceQuality "1"]

1. d4 f5 2. Nf3 Nf6 3. c4 e6 4. g3 Be7 5. Bg2 0-0 6. 0-0 d6 7. Nc3 Ne4 8. Qd3 Nxc3 9. Qxc3 Bf6 10. Qd3 Nc6 11. Bd2 e5 12. dxe5 dxe5 13. Qd5+ Kh8 14. Bc3 Qe7 15. Qd2 Rd8 16. Qc1 e4 17. Bxf6 Qxf6 18. Nd2 Be6 19. e3 Ne5 20. b3 Rd3 21. Kh1 Rad8 22. Rd1 Ng4 23. Kg1 Qh6 24. Nf1 Rxd1 0-1

[Event "LSS No Engine Cup 215 Preliminary 0"]
[Site "LSS email"]
[Date "2021.03.13"]
[Round "?"]
[White "Couspeyre, Thierry"]
[Black "Neumann, Otto"]
[Result "1-0"]
[WhiteElo "1476"]
[BlackElo "1173"]
[PlyCount "65"]
[EventDate "2021.03.13"]
[EventType "tourn (corr)"]
[EventRounds "6"]
[EventCountry "GER"]
[SourceTitle "Corr 2024"]
[Source "ChessBase"]
[SourceDate "2023.10.19"]
[SourceVersion "1"]
[SourceVersionDate "2023.10.19"]
[SourceQuality "1"]

1. d4 Nf6 2. c4 g6 3. Nc3 Bg7 4. e4 d6 5. Nf3 0-0 6. Be2 Nbd7 7. 0-0 b6 8. Bg5 Bb7 9. e5 dxe5 10. Nxe5 Nh5 11. Bxh5 Nxe5 12. dxe5 gxh5 13. Qxh5 Bxe5 14. Bh6 Bg7 15. Qg5 Qd4 16. Nd5 Bxd5 17. cxd5 Qf6 18. Qxf6 exf6 19. Bf4 Rac8 20. Rac1 Rfd8 21. Rfd1 f5 22. b3 Bb2 23. Rxc7 Rxc7 24. Bxc7 Rd7 25. Bf4 b5 26. Kf1 Kf8 27. Rd2 Bc3 28. Rd3 Bb4 29. Re3 f6 30. Rd3 Re7 31. Bd2 Bd6 32. Bc3 Be5 33. Bb4 1-0

[Event "SE-2021-0-00019"]
[Site "LSS email"]
[Date "2021.02.23"]
[Round "?"]
[White "Couspeyre, Thierry"]
[Black "Shim Ng Min, Francis"]
[Result "0-1"]
[WhiteElo "1217"]
[BlackElo "1190"]
[PlyCount "70"]
[EventDate "2020.11.10"]
[EventType "tourn (corr)"]
[EventRounds "6"]
[EventCountry "GER"]
[SourceTitle "Corr 2024"]
[Source "ChessBase"]
[SourceDate "2023.10.19"]
[SourceVersion "1"]
[SourceVersionDate "2023.10.19"]
[SourceQuality "1"]

1. g4 d5 2. g5 e5 3. d3 Nc6 4. Nc3 a6 5. Bg2 Be6 6. a3 Bc5 7. f4 Nh6 8. Nxd5 Bxd5 9. Bxd5 Qxd5 10. e4 Qd4 11. Qf3 Ng8 12. Ne2 Qd7 13. b4 Nd4 14. Nxd4 Bxd4 15. Rb1 exf4 16. Bxf4 Ne7 17. Ke2 Nc6 18. Qg3 0-0 19. Bxc7 f5 20. Qd6 Qf7 21. Qd5 fxe4 22. dxe4 Rae8 23. Kd3 Qxd5 24. exd5 Re3+ 25. Kd2 Rf2+ 26. Kd1 Bc3 27. dxc6 Rd2+ 28. Kc1 Ree2 29. Bf4 Rxc2+ 30. Kd1 bxc6 31. Rb3 Rg2 32. Rf1 g6 33. Rf3 Ra2 34. Rg3 Ra1+ 35. Bc1 Rd2+ 0-1